| 000 | 00685nam a22002057a 4500 | ||
|---|---|---|---|
| 003 | OSt | ||
| 005 | 20140310182023.0 | ||
| 008 | 130801t xxu||||| |||| 00| 0 eng d | ||
| 020 | _a9780199153046 | ||
| 050 |
_aQA 135.6 _b.Ap649 2009 |
||
| 082 |
_aTR 510 _bAp651c 2009 |
||
| 100 |
_aAppleton, Marguerite _91341 |
||
| 245 |
_aMath links 9C / _cMarguerite Appleton. |
||
| 260 |
_aOxford, UK : _bOxford University Press, _cc2009. |
||
| 300 |
_a256 p. : _bcol. ill. ; _c26 cm. |
||
| 650 |
_aMathematics _xStudy and teaching (Secondary) _xGreat Britain. _97191 |
||
| 650 |
_aMathematics _xProblems, exercises, etc. _xJuvenile literature. _97192 |
||
| 942 |
_2lcc _cBK-TR _kTR |
||
| 999 |
_c8394 _d8394 |
||